[Event "Aragon-chT Honor GrB"]
[Site "Aragon"]
[Date "2013.02.09"]
[Round "3.25"]
[White "Martinez Catalan, Francisco Javier"]
[Black "Villuendas Valero, Adrian"]
[Result "1/2-1/2"]
[WhiteElo "2240"]
[BlackElo "2301"]
[PlyCount "60"]
[EventDate "2013.01.26"]
[EventType "team"]
[EventRounds "7"]
[EventCountry "ESP"]
[SourceTitle "EXT 2014"]
[Source "ChessBase"]
[SourceDate "2013.11.20"]
[SourceVersion "1"]
[SourceVersionDate "2013.11.20"]
[SourceQuality "1"]
[WhiteTeam "La Aurora Estadilla"]
[BlackTeam "Ramiro"]
[WhiteTeamCountry "ESP"]
[BlackTeamCountry "ESP"]

1. c4 c5 2. Nf3 Nc6 3. d4 cxd4 4. Nxd4 g6 5. e4 Nf6 6. Nc3 d6 7. Be2 Nxd4 8. Qxd4 Bg7 9. Be3 0-0 10. Qd2 Be6 11. 0-0 Qa5 12. Rac1 Rfc8 13. b3 a6 14. f3 b5 15. Nd5 Qxd2 16. Bxd2 Nxd5 17. cxd5 Bd4+ 18. Kh1 Bd7 19. Rxc8+ Rxc8 20. Rc1 Rxc1+ 21. Bxc1 a5 22. g4 Kf8 23. Kg2 Ke8 24. Bd2 b4 25. Bc4 Kd8 26. Bg5 f6 27. Bd2 Kc7 28. Bc1 g5 29. h3 Kb6 30. Kf1 Kc5 1/2-1/2

[Event "Aragon-chT Honor GrB "]
[Site "Aragon"]
[Date "2012.02.25"]
[Round "4.29"]
[White "Martinez Catalan, Francisco Javier"]
[Black "Trigo Conde, Isaac"]
[Result "1/2-1/2"]
[WhiteElo "2245"]
[BlackElo "2273"]
[PlyCount "77"]
[EventDate "2012.02.04"]
[EventType "team-tourn"]
[EventRounds "7"]
[EventCountry "ESP"]
[SourceTitle "EXT 2014"]
[Source "ChessBase"]
[SourceDate "2013.11.20"]
[SourceVersion "1"]
[SourceVersionDate "2013.11.20"]
[SourceQuality "1"]
[WhiteTeam "La Aurora Estadilla"]
[BlackTeam "Actur Rey Fernando"]
[WhiteTeamCountry "ESP"]
[BlackTeamCountry "ESP"]

1. d4 Nf6 2. Nf3 g6 3. Nc3 d5 4. Bf4 Bg7 5. e3 0-0 6. Be2 c5 7. Ne5 Nc6 8. 0-0 cxd4 9. exd4 Qb6 10. Nxc6 Qxc6 11. Bb5 Qb6 12. a4 Qa5 13. Qd2 a6 14. Be2 Be6 15. Bf3 Rfd8 16. Rfe1 Rac8 17. Ra3 Rd7 18. h3 Rc4 19. Be5 Qd8 20. Qe2 Qc8 21. Rb3 Ne4 22. Bxg7 Kxg7 23. Bxe4 dxe4 24. Qxe4 Rcxd4 25. Qe5+ Kg8 26. Rb6 R7d6 27. Rxd6 Rxd6 28. Re2 Qc4 29. Re4 Qc6 30. Re2 Rd8 31. Re3 Qd6 32. Qe4 Qb6 33. b3 Rd4 34. Qe5 Qd6 35. Qxd6 Rxd6 36. Ne4 Rd1+ 37. Kh2 Bf5 38. g4 Bxe4 39. Rxe4 1/2-1/2

[Event "Aragon-chT Honor GrB "]
[Site "Aragon"]
[Date "2012.02.11"]
[Round "2.29"]
[White "Forcen Esteban, Daniel"]
[Black "Martinez Catalan, Francisco Javier"]
[Result "1-0"]
[WhiteElo "2428"]
[BlackElo "2245"]
[PlyCount "47"]
[EventDate "2012.02.04"]
[EventType "team-tourn"]
[EventRounds "7"]
[EventCountry "ESP"]
[SourceTitle "EXT 2014"]
[Source "ChessBase"]
[SourceDate "2013.11.20"]
[SourceVersion "1"]
[SourceVersionDate "2013.11.20"]
[SourceQuality "1"]
[WhiteTeam "IberCaja"]
[BlackTeam "La Aurora Estadilla"]
[WhiteTeamCountry "ESP"]
[BlackTeamCountry "ESP"]

1. e4 c6 2. d4 d5 3. e5 Bf5 4. Nc3 e6 5. g4 Bg6 6. Nge2 c5 7. h4 h5 8. Nf4 Bh7 9. Nxh5 Nc6 10. Bb5 cxd4 11. Qxd4 Nge7 12. Bh6 Rg8 13. Bg5 Qc7 14. 0-0-0 a6 15. Qa4 Rc8 16. Bxc6+ Nxc6 17. f4 Bb4 18. f5 Bxc3 19. bxc3 exf5 20. Rhe1 fxg4 21. Nf6+ gxf6 22. exf6+ Be4 23. Rxd5 Rxg5 24. Rxe4+ 1-0

[Event "Aragon-chT Honor Titulo"]
[Site "Spain"]
[Date "2011.03.26"]
[Round "8.1"]
[White "Martinez Catalan, Francisco Javier"]
[Black "Llorente Zaro, Alfonso"]
[Result "1-0"]
[WhiteElo "2206"]
[BlackElo "2450"]
[PlyCount "59"]
[EventDate "2011.03.26"]
[EventType "team-tourn"]
[EventRounds "11"]
[EventCountry "ESP"]
[SourceTitle "EXT 2013"]
[Source "ChessBase"]
[SourceDate "2012.11.22"]
[SourceVersion "1"]
[SourceVersionDate "2012.11.22"]
[SourceQuality "1"]
[WhiteTeam "La Aurora Estadilla"]
[BlackTeam "Agrupacion"]
[WhiteTeamCountry "ESP"]
[BlackTeamCountry "ESP"]

1. e4 b6 2. d4 Bb7 3. Bd3 e6 4. c4 Nf6 5. Nc3 Bb4 6. f3 Bxc3+ 7. bxc3 d6 8. Ne2 Nfd7 9. 0-0 Nc6 10. f4 Na5 11. Ng3 Qe7 12. Ba3 c5 13. e5 0-0 14. Qe2 f5 15. d5 dxe5 16. fxe5 g6 17. Rae1 Rae8 18. Bc1 exd5 19. e6 Qg7 20. Bxf5 Nxc4 21. e7 Rf7 22. Bxd7 Rfxe7 23. Bxe8 Rxe2 24. Rxe2 Nd6 25. Re6 Ba6 26. Rff6 Bc8 27. Rxd6 Qe7 28. Bf7+ Kg7 29. Bxd5 Qe1+ 30. Rf1 1-0

[Event "Aragon-chT Preferente"]
[Site "Spain"]
[Date "2010.02.06"]
[Round "3.5"]
[White "Adla, Diego Gustavo"]
[Black "Martinez Catalan, Francisco Javier"]
[Result "1-0"]
[WhiteElo "2506"]
[BlackElo "2272"]
[PlyCount "55"]
[EventDate "2010.01.23"]
[EventType "team-swiss"]
[EventRounds "12"]
[EventCountry "ESP"]
[SourceTitle "EXT 2013"]
[Source "ChessBase"]
[SourceDate "2012.11.22"]
[SourceVersion "1"]
[SourceVersionDate "2012.11.22"]
[SourceQuality "1"]
[WhiteTeam "St Casablanca"]
[BlackTeam "La Aurora Estadilla"]
[WhiteTeamCountry "ESP"]
[BlackTeamCountry "ESP"]

1. d4 Nf6 2. Nf3 g6 3. c4 Bg7 4. Nc3 0-0 5. Bg5 d6 6. e3 c5 7. d5 h6 8. Bh4 g5 9. Bg3 Nh5 10. Bd3 Nxg3 11. hxg3 e6 12. Qc2 Re8 13. Rd1 exd5 14. cxd5 Nd7 15. Bh7+ Kf8 16. Bf5 Nf6 17. Nd2 Bxf5 18. Qxf5 b5 19. Nxb5 Qb8 20. Qd3 Nxd5 21. Qxd5 Qxb5 22. Nc4 Rad8 23. 0-0 Qd7 24. Rd3 Qe6 25. Rfd1 Qxd5 26. Rxd5 Re6 27. Rxc5 Rb8 28. Rcd5 1-0

[Event "Aragon-chT"]
[Site "Aragon"]
[Date "2009.02.28"]
[Round "5"]
[White "Gella Lopez, Angel"]
[Black "Martinez Catalan, Francisco Javier"]
[Result "1/2-1/2"]
[WhiteElo "2065"]
[BlackElo "2261"]
[PlyCount "52"]
[EventDate "2009.01.24"]
[EventType "team-swiss"]
[EventRounds "9"]
[EventCountry "ESP"]
[SourceTitle "EXT 2011"]
[Source "ChessBase"]
[SourceDate "2010.11.26"]
[SourceVersion "1"]
[SourceVersionDate "2010.11.26"]
[SourceQuality "1"]

1. d4 g6 2. Nf3 Bg7 3. e4 d6 4. Nc3 Nf6 5. Be2 0-0 6. 0-0 c6 7. a4 Nbd7 8. h3 Qc7 9. Be3 b6 10. Qd2 Bb7 11. Rad1 a6 12. b4 c5 13. bxc5 Nxe4 14. Nxe4 Bxe4 15. cxd6 Qxd6 16. c4 Qc6 17. Qb4 e6 18. Rc1 Qb7 19. Rfd1 Rac8 20. a5 bxa5 21. Qxa5 Nb8 22. c5 Rcd8 23. Qa4 Bc6 24. Qa5 Be4 25. Qa4 Bc6 26. Qa5 Be4 1/2-1/2

[Event "Aragon-chT"]
[Site "Aragon"]
[Date "2009.02.07"]
[Round "3"]
[White "Martinez Catalan, Francisco Javier"]
[Black "Lopez Gracia, Fernando"]
[Result "1/2-1/2"]
[WhiteElo "2261"]
[BlackElo "2297"]
[PlyCount "51"]
[EventDate "2009.01.24"]
[EventType "team-swiss"]
[EventRounds "9"]
[EventCountry "ESP"]
[SourceTitle "EXT 2011"]
[Source "ChessBase"]
[SourceDate "2010.11.26"]
[SourceVersion "1"]
[SourceVersionDate "2010.11.26"]
[SourceQuality "1"]

1. d4 d5 2. c4 c6 3. Nc3 Nf6 4. Bg5 dxc4 5. a4 Qa5 6. Nf3 Be6 7. Bd2 Qd8 8. e4 Na6 9. Be3 Qa5 10. Ng5 Nc7 11. Nxe6 Nxe6 12. Bxc4 Nxe4 13. Bxe6 fxe6 14. Qb3 Nd6 15. 0-0 Qf5 16. a5 g6 17. Na4 Qd5 18. Qc2 Bg7 19. Rfc1 Rc8 20. Qe2 Bxd4 21. Bxd4 Qxd4 22. Nc5 Qd5 23. Ra3 0-0 24. Rd3 Qf5 25. Rf3 Qd5 26. Rd3 1/2-1/2

[Event "Aragon-chT"]
[Site "Aragon"]
[Date "2009.01.31"]
[Round "2"]
[White "Martinez Catalan, Francisco Javier"]
[Black "Horton, Justin"]
[Result "1-0"]
[WhiteElo "2261"]
[BlackElo "2137"]
[PlyCount "63"]
[EventDate "2009.01.24"]
[EventType "team-swiss"]
[EventRounds "9"]
[EventCountry "ESP"]
[SourceTitle "EXT 2011"]
[Source "ChessBase"]
[SourceDate "2010.11.26"]
[SourceVersion "1"]
[SourceVersionDate "2010.11.26"]
[SourceQuality "1"]

1. d4 d5 2. c4 c6 3. Nc3 Nf6 4. e3 e6 5. Nf3 Nbd7 6. Bd2 Bd6 7. Bd3 0-0 8. 0-0 dxc4 9. Bxc4 e5 10. dxe5 Nxe5 11. Nxe5 Bxe5 12. f4 Bc7 13. Kh1 Bf5 14. Be2 Qd7 15. Be1 Qe7 16. Rf3 Rfe8 17. Bh4 Bb6 18. e4 Bxe4 19. Nxe4 Qxe4 20. Bd3 Qd4 21. Qc2 g6 22. Raf1 Nd5 23. f5 Qxh4 24. fxg6 fxg6 25. Bxg6 Re1 26. Bxh7+ Kh8 27. Bd3 Rxf1+ 28. Bxf1 Ne3 29. Qc3+ Bd4 30. Qd3 Kg7 31. Rh3 Qxh3 32. Qxd4+ 1-0

[Event "Aragon-chT"]
[Site "Aragon"]
[Date "2008.02.02"]
[Round "1"]
[White "Adla, Diego Gustavo"]
[Black "Martinez Catalan, Francisco Javier"]
[Result "1/2-1/2"]
[WhiteElo "2491"]
[BlackElo "2247"]
[PlyCount "35"]
[EventDate "2008.02.02"]
[EventType "team-swiss"]
[EventRounds "12"]
[EventCountry "ESP"]
[SourceTitle "EXT 2011"]
[Source "ChessBase"]
[SourceDate "2010.11.26"]
[SourceVersion "1"]
[SourceVersionDate "2010.11.26"]
[SourceQuality "1"]

1. e4 d6 2. d4 Nf6 3. Nc3 g6 4. Bg5 Bg7 5. f3 Nc6 6. Qd2 0-0 7. 0-0-0 a6 8. Bh6 e5 9. Bxg7 Kxg7 10. Nge2 b5 11. h4 h5 12. Qe3 Qe7 13. Nd5 Nxd5 14. exd5 exd4 15. Qd2 Ne5 16. Qxd4 Qf6 17. Ng3 Nd7 18. a4 1/2-1/2

[Event "Aragon-chT Autonomico"]
[Site "Aragon"]
[Date "2007.03.10"]
[Round "7"]
[White "Martinez Catalan, Francisco Javier"]
[Black "Hinojar Basa, Alfonso"]
[Result "1-0"]
[WhiteElo "2240"]
[BlackElo "2207"]
[PlyCount "65"]
[EventDate "2007.01.27"]
[EventType "team"]
[EventRounds "9"]
[EventCountry "ESP"]
[SourceTitle "EXT 2008"]
[Source "ChessBase"]
[SourceDate "2007.11.25"]
[SourceVersion "1"]
[SourceVersionDate "2007.11.25"]
[SourceQuality "1"]
[WhiteTeam "La Aurora Estadilla"]
[BlackTeam "Marcos Frechin"]
[WhiteTeamCountry "ESP"]
[BlackTeamCountry "ESP"]

1. d4 e6 2. c4 Nf6 3. Nf3 d5 4. Bg5 Be7 5. Nc3 0-0 6. e3 h6 7. Bxf6 Bxf6 8. Qc2 b6 9. 0-0-0 Bb7 10. cxd5 exd5 11. h4 c5 12. g4 g6 13. g5 hxg5 14. hxg5 Bg7 15. Bd3 Qe8 16. Ne5 Nc6 17. f4 f5 18. Qh2 Nxe5 19. fxe5 Qe6 20. Ne2 Kf7 21. Nf4 Rh8 22. Qf2 Qc6 23. e6+ Kg8 24. Nxg6 cxd4+ 25. Kb1 Rxh1 26. Rxh1 Qxe6 27. Bxf5 Qd6 28. exd4 Re8 29. Qh4 Bc8 30. Bd3 Qc7 31. Qh7+ Kf7 32. Rf1+ Ke6 33. Bf5+ 1-0

[Event "Aragon-chT Autonomico"]
[Site "Aragon"]
[Date "2007.03.03"]
[Round "6"]
[White "Martinez Catalan, Francisco Javier"]
[Black "Bayod Rubia, Angel"]
[Result "1-0"]
[WhiteElo "2240"]
[BlackElo "2080"]
[PlyCount "57"]
[EventDate "2007.01.27"]
[EventType "team"]
[EventRounds "9"]
[EventCountry "ESP"]
[SourceTitle "EXT 2008"]
[Source "ChessBase"]
[SourceDate "2007.11.25"]
[SourceVersion "1"]
[SourceVersionDate "2007.11.25"]
[SourceQuality "1"]
[WhiteTeam "La Aurora Estadilla"]
[BlackTeam "CAI Olivar IV"]
[WhiteTeamCountry "ESP"]
[BlackTeamCountry "ESP"]

1. d4 Nf6 2. c4 b6 3. Nc3 Bb7 4. Qc2 d5 5. cxd5 Nxd5 6. Nf3 e6 7. Bd2 Nd7 8. e4 Nxc3 9. Bxc3 Nf6 10. Bd3 h6 11. 0-0-0 Be7 12. Kb1 0-0 13. Rhg1 a5 14. g4 Nh7 15. d5 exd5 16. exd5 Ng5 17. Nd4 Bxd5 18. h4 Ne6 19. Bh7+ Kh8 20. Nf5 Bf6 21. Bxf6 Qxf6 22. g5 Qd8 23. gxh6 g6 24. Ne3 Kxh7 25. Nxd5 Qxh4 26. f4 c5 27. f5 Ng5 28. Qc3 Rg8 29. Nf6+ 1-0

[Event "Aragon-chT Autonomico"]
[Site "Aragon"]
[Date "2007.02.24"]
[Round "5"]
[White "Garcia Ramon, Ricardo1111"]
[Black "Martinez Catalan, Francisco Javier"]
[Result "0-1"]
[WhiteElo "2099"]
[BlackElo "2240"]
[PlyCount "58"]
[EventDate "2007.01.27"]
[EventType "team"]
[EventRounds "9"]
[EventCountry "ESP"]
[SourceTitle "EXT 2008"]
[Source "ChessBase"]
[SourceDate "2007.11.25"]
[SourceVersion "1"]
[SourceVersionDate "2007.11.25"]
[SourceQuality "1"]
[WhiteTeam "IberCaja II"]
[BlackTeam "La Aurora Estadilla"]
[WhiteTeamCountry "ESP"]
[BlackTeamCountry "ESP"]

1. Nf3 Nf6 2. g3 d5 3. Bg2 c5 4. d3 Nc6 5. Bg5 e6 6. Nbd2 Be7 7. 0-0 h6 8. Bxf6 Bxf6 9. c3 0-0 10. Qc2 b6 11. e4 Bb7 12. exd5 exd5 13. Rfe1 Qd7 14. Nf1 Rad8 15. Rad1 d4 16. h3 h5 17. N1h2 Qf5 18. g4 Qg6 19. Qd2 dxc3 20. bxc3 Ba6 21. Re3 Rd6 22. gxh5 Qxh5 23. Ng4 Bd8 24. d4 cxd4 25. cxd4 Bc8 26. Nge5 Bxh3 27. Nxc6 Bxg2 28. Kxg2 Rxc6 29. Rh1 Rg6+ 0-1

[Event "Aragon-chT Autonomico"]
[Site "Aragon"]
[Date "2007.01.27"]
[Round "1"]
[White "Hernando Garcia, Antonio"]
[Black "Martinez Catalan, Francisco Javier"]
[Result "1/2-1/2"]
[WhiteElo "2209"]
[BlackElo "2240"]
[PlyCount "42"]
[EventDate "2007.01.27"]
[EventType "team"]
[EventRounds "9"]
[EventCountry "ESP"]
[SourceTitle "EXT 2008"]
[Source "ChessBase"]
[SourceDate "2007.11.25"]
[SourceVersion "1"]
[SourceVersionDate "2007.11.25"]
[SourceQuality "1"]
[WhiteTeam "CAI Olivar II"]
[BlackTeam "La Aurora Estadilla"]
[WhiteTeamCountry "ESP"]
[BlackTeamCountry "ESP"]

1. c4 Nf6 2. Nf3 g6 3. Nc3 Bg7 4. g3 0-0 5. Bg2 d6 6. 0-0 c6 7. d3 a6 8. Rb1 b5 9. b3 Bb7 10. a4 b4 11. Ne4 Nxe4 12. dxe4 Nd7 13. Ne1 Qc7 14. Nd3 a5 15. Bb2 Rad8 16. Bxg7 Kxg7 17. Qc2 c5 18. Nf4 e6 19. Rbd1 Nf6 20. Qb2 e5 21. Nd5 Nxd5 1/2-1/2

[Event "ESP Autonomico-chT"]
[Site "Spain"]
[Date "2006.03.18"]
[Round "7.21"]
[White "Minzer, Claudio Javier"]
[Black "Martinez Catalan, Francisco Javier"]
[Result "1/2-1/2"]
[WhiteElo "2429"]
[BlackElo "2198"]
[PlyCount "65"]
[EventDate "2006.02.04"]
[EventType "team"]
[EventRounds "9"]
[EventCountry "ESP"]
[SourceTitle "EXT 2007"]
[Source "ChessBase"]
[SourceDate "2006.11.23"]
[SourceVersion "1"]
[SourceVersionDate "2006.11.23"]
[SourceQuality "1"]

1. Nf3 d5 2. c4 dxc4 3. Na3 e5 4. Nxe5 Bxa3 5. Qa4+ Nd7 6. Nxd7 Qxd7 7. Qxd7+ Bxd7 8. bxa3 Ne7 9. Bb2 0-0 10. Rc1 Be6 11. e3 b5 12. d3 cxd3 13. Bxd3 c6 14. a4 Rfd8 15. Be4 bxa4 16. a3 Bd5 17. Bf3 Rab8 18. Bd4 Rb3 19. Bxa7 Bxf3 20. gxf3 Ng6 21. Bd4 Rxa3 22. Rg1 f6 23. Rg4 Ne5 24. Bxe5 fxe5 25. Rgc4 Ra2 26. Rxc6 Rdd2 27. Rc8+ Kf7 28. R8c7+ Kg8 29. Rb1 h5 30. Rbb7 Re2+ 31. Kd1 Rxf2 32. Rxg7+ Kf8 33. Rbf7+ 1/2-1/2

[Event "Aragon-chT"]
[Site "Aragon"]
[Date "2003.02.08"]
[Round "3"]
[White "Melendez Fierro, Juan Bautista"]
[Black "Martinez Catalan, Francisco Javier"]
[Result "1-0"]
[WhiteElo "2249"]
[BlackElo "2187"]
[PlyCount "84"]
[EventDate "2003.02.??"]
[EventType "team"]
[EventRounds "9"]
[EventCountry "ESP"]
[SourceTitle "EXT 2004"]
[Source "ChessBase"]
[SourceDate "2003.11.25"]
[SourceVersion "1"]
[SourceVersionDate "2003.11.25"]
[SourceQuality "1"]

1. e4 Nf6 2. e5 Nd5 3. c4 Nb6 4. d4 d6 5. exd6 cxd6 6. Nc3 g6 7. h3 Bg7 8. Nf3 0-0 9. Be2 Nc6 10. 0-0 Bf5 11. Bf4 h6 12. g4 Bd7 13. c5 Nc8 14. Kg2 dxc5 15. dxc5 e5 16. Be3 Be6 17. Qa4 Qa5 18. Qxa5 Nxa5 19. Rad1 Ne7 20. Nd2 f5 21. f3 Rad8 22. a3 Nb3 23. Nxb3 Bxb3 24. Rxd8 Rxd8 25. Kf2 Nd5 26. Bd1 Bc4 27. Nxd5 Rxd5 28. Be2 Bb3 29. c6 bxc6 30. Rc1 e4 31. fxe4 fxe4 32. Rxc6 Rd7 33. Rxg6 Bf7 34. Ra6 Bxb2 35. Bxh6 Rb7 36. Be3 Bd5 37. Bc5 Bc1 38. Rxa7 e3+ 39. Kg3 Rb2 40. Rd7 Be6 41. Rd8+ Kf7 42. Kf3 Bc4 1-0

[Event "San Jose op"]
[Site "San Jose"]
[Date "1998.??.??"]
[Round "4"]
[White "Cerrajeria Ruiz, Jesus Maria"]
[Black "Martinez Catalan, Francisco Javier"]
[Result "0-1"]
[WhiteElo "2255"]
[BlackElo "2195"]
[PlyCount "68"]
[EventDate "1998.??.??"]
[EventType "swiss"]
[EventRounds "9"]
[EventCountry "ESP"]
[SourceTitle "EXT 2000"]
[Source "ChessBase"]
[SourceDate "1999.11.16"]
[SourceVersion "1"]
[SourceVersionDate "1999.11.16"]
[SourceQuality "1"]

1. f4 e5 2. fxe5 d6 3. Nf3 dxe5 4. Nxe5 Bd6 5. Nf3 g5 6. g3 g4 7. Nh4 Ne7 8. e4 f5 9. Qe2 Nbc6 10. c3 fxe4 11. Qxe4 0-0 12. d4 Nf5 13. Bc4+ Kh8 14. 0-0 Nxh4 15. Rxf8+ Qxf8 16. gxh4 Bf5 17. Qd5 Re8 18. Nd2 Re1+ 19. Nf1 Be6 20. Qxe6 Bxh2+ 21. Kxh2 Qf2+ 22. Kh1 Rxe6 23. Bg5 Rg6 24. Bd5 h6 25. Be3 Qxh4+ 26. Kg1 Ne7 27. Bg2 c6 28. Bf4 Re6 29. Ng3 Ng6 30. Bb8 Qg5 31. Rf1 Qd2 32. Rf2 Re1+ 33. Nf1 Qe3 34. Be5+ Nxe5 0-1